Questions aléatoires de géographie - 7 - Statistiques

Statistiques générales
  • Ce quiz a été pris 146 fois
  • Le résultat moyen est 7 sur 15
Statistiques - réponses
Indice Réponse % Correct
Quelle ville française est appelée "la ville rose" ? Toulouse
98%
Dans quel pays, frontalier avec la Chine, se trouve le mont Everest ? le Népal
94%
De quelle couleur est le Y renversé central du drapeau de l'Afrique du Sud ? vert
90%
Quelle est la seconde plus grosse ville de Corse ? Bastia
88%
Quelle région française tient son nom du peuple germanique des Burgondes ? la Bourgogne
69%
Dans quel pays se trouve la région de la Pampa ? l Argentine
52%
Quelle est la plus longue chaine de montagne continentale du monde ? la Cordillère des Andes
51%
A quel pays appartient aujourd'hui la région du Haut-Karabakh, théâtre d'un conflit armé suite au découpage des anciens territoires de l'URSS ? Azerbaidjan
44%
Quel est le nom de l'île abritant Haïti et la République Dominicaine ? Hispaniola
31%
Quelle baie d'Amérique du Nord a donné son nom à une compagnie qui contrôlait le marché des fourrures ? la baie d Hudson
23%
Quel est le seul pays dont la partie insulaire est plus peuplée que la partie continentale ? le Danemark
20%
Quelle est la plus grande ville traversée par le fleuve Mekong ? Phnom Penh
16%
Quelle fleuve sépare la Pologne de l'Allemagne ? l Oder
11%
Comment s'appellent les habitants de la petite ville alsacienne de Niederschaeffolsheim ? les niederschaeffolsheimois
10%
Quelle île yéménite, se trouvant à l'Est de la Corne de l'Afrique, a été classé patrimoine mondial de l'Unesco pour sa biodiversité unique au monde ? l île de Socotra
10%
Aucun quiz correspondant
Distribution des résultats
% des personnes avec chaque résultat
Percentile par nombre de réponses
Votre historique - résultats
Vous n’avez pas pris ce quiz